Rozpočtová politika a jej vplyv na zadlženosť Slovenskej republiky diplomová práca

Gespeichert in:
Bibliographische Detailangaben
1. Verfasser: Tabaková, Lucia
Körperschaft: Národohospodárska fakulta EU. Katedra financií
Weitere Verfasser: Beličková, Kornélia, 1966-
Format: Buch
Sprache:Slowakisch
Veröffentlicht: Bratislava 2022
Tags: Tag hinzufügen
Keine Tags, Fügen Sie das erste Tag hinzu!

MARC

LEADER 00000nbm a2200000 4500
001 0283995
005 20221025134645.1
041 0 |a slo 
044 |a SK 
245 1 0 |a Rozpočtová politika a jej vplyv na zadlženosť Slovenskej republiky  |b diplomová práca  |c Lucia Tabaková ; školiteľ: Kornélia Beličková 
264 1 |a Bratislava  |c 2022 
300 |a 79 s. 
100 1 |a Tabaková, Lucia 
700 1 |a Beličková, Kornélia, 1966- 
710 2 |a Národohospodárska fakulta EU. Katedra financií